| 000 | 00979nam a22002417a 4500 | ||
|---|---|---|---|
| 005 | 20240524073907.0 | ||
| 008 | 240115t ||||| |||| 00| 0 spa d | ||
| 020 | _a9788498928570 | ||
| 040 |
_aCO-BoUCM _cDavid Moreno _dDavid Avila (modificó) |
||
| 041 | _aspa | ||
| 100 | 1 | 0 |
_aBrockman, John _d(1941-) _9179710 |
| 245 | 1 | 4 |
_aLas mejores decisiones : / _baprenda a tomarlas de la mano de Daniel Kahneman, Nassim Nicholas Taleb, Vilayanur Ramachandran, Daniel C. Dennett, Sarah-Jayne Blakemore y otros _cJohn Brockman y Daniel Kahneman; traducción de Genís Sánchez Barberán |
| 250 | _a1ª ed. | ||
| 260 |
_aBarcelona _bCrítica _c2015 |
||
| 300 | _a393 Paginas | ||
| 490 | _aDrakontos | ||
| 650 | 1 | 7 |
_aPensamiento _921256 |
| 650 | 1 | 7 |
_aToma de decisiones _925505 |
| 700 | 1 |
_aKahneman, Daniel _d(1934-) _935721 |
|
| 700 | 1 |
_aSánchez Barberán, Genís _etraductor _943808 |
|
| 942 |
_2DEWEY _a9 _cLIBRO _e1 _h153.4 _mB864m _n0 |
||
| 999 |
_c323724 _d323724 |
||